Dormir en tierra
Đã lưu trong:
| Tác giả chính: | |
|---|---|
| Định dạng: | Sách |
| Ngôn ngữ: | Tiếng Tây Ban Nha |
| Được phát hành: |
Montevideo
Arca
1968
|
| Loạt: | Narrativa Latinoamericana, 10
|
| Những chủ đề: | |
| Các nhãn: |
Thêm thẻ
Không có thẻ, Là người đầu tiên thẻ bản ghi này!
|
MARC
| LEADER | 00000nam a2200000 a 4500 | ||
|---|---|---|---|
| 001 | UCT6453 | ||
| 003 | CL-VaPUC | ||
| 008 | 970113e19680000UY |||||||||||||||||spa|d | ||
| 082 | 0 | 4 | |a Me863 |b REV |2 21 |
| 100 | 0 | |a Revueltas, José |e author |9 376656 | |
| 245 | 1 | 0 | |a Dormir en tierra |
| 300 | |a 112 p | ||
| 942 | |c BK | ||
| 945 | |d 19970113 00:00:00 |a rbrito | ||
| 260 | |a Montevideo |b Arca |c 1968 | ||
| 650 | 0 | |a Novelas mexicanas |9 317570 | |
| 583 | |a last modification |c 19970113 00:00:00 |k Rodrigo Vera | ||
| 490 | 0 | |a Narrativa Latinoamericana, 10 | |
| 999 | |c 255157 |d 255155 | ||
| 952 | |0 0 |1 0 |4 0 |6 ME_863_000000000000000_REV_1968 |7 0 |8 A |9 277279 |a BIBEDU |b BIBEDU |d 2019-11-19 |i 326713K |o Me863 REV 1968 |p 326713K |r 2019-11-19 |w 2019-11-19 |y BK |k LIT | ||